[Event "36th Cappelle Open 2020"]
[Site "Cappelle-la-Grande"]
[Date "2020.02.25"]
[Round "5.10"]
[White "Sadikhov, Ulvi"]
[Black "Navrotescu, Andreea-Cristiana"]
[Result "1-0"]
[WhiteElo "2496"]
[BlackElo "2247"]
[Annotator "TA"]
[PlyCount "71"]
[EventDate "2020.02.22"]
[EventType "swiss"]
[EventCountry "FRA"]
[SourceTitle "playchess.com"]
[Source "ChessBase"]
[SourceQuality "1"]

{[%evp 15,71,-19,-5,-4,-2,0,8,2,6,12,20,29,47,0,9,12,31,15,19,18,33,-15,109,107,124,112,112,112,329,207,234,230,234,209,198,216,219,204,210,203,535,561,526,535,716,697,650,634,29980,29981,29981,29982,29988,29989,29995,29996,29996,29997]} 1. g3 c5 2. Bg2 Nc6 3. d3 g6 4. Nf3 Bg7 5. O-O e5 6. e4 Nge7 7. c3 O-O 8. a3 d5 9. Nbd2 {A04: Unusual lines after 1 Nf3 and King's Indian Attack.} h6 10. b4 d4 11. cxd4 {The position is equal.} cxd4 12. Nb3 a6 {[#]} 13. Nfd2 $146 ({Predecessor:} 13. Bd2 f5 {½-½ (13) Jakubowski,T (2220)-Bielczyk,J (2370) Wisla 1998}) 13... b6 14. f4 exf4 15. gxf4 f5 16. Bb2 {next e5 is good for White.} Be6 17. Rc1 Rc8 18. h4 Kh8 (18... fxe4 $11 {keeps the balance.} 19. dxe4 Qd7) 19. e5 $16 Nd5 20. Rxc6 {[%mdl 64] [#] Remove Defender} (20. Nxd4 $6 Nxd4 21. Rxc8 (21. Bxd4 $2 Qxh4 22. Rxc8 Rxc8 $19) 21... Bxc8 $14) 20... Rxc6 21. Nxd4 Ne3 $2 {A mistake that costs the game.} (21... Qc8 $16) 22. Qf3 ({Weaker is} 22. Nxc6 Qxd3 23. Rf3 Bd5 $16) 22... Nxg2 23. Nxc6 (23. Qxc6 Bd5 $14) 23... Nxh4 24. Qg3 Qe8 25. Nd4 (25. Qxh4 Qxc6 26. Nf3 Qc2 $11) 25... g5 26. fxg5 Ng6 27. gxh6 Bxe5 $2 (27... Bxh6 {is more resistant.} 28. Qh3 Kg7) 28. Nxe6 $18 Qxe6 29. Re1 ({Less strong is} 29. Bxe5+ Qxe5 30. Qxe5+ (30. Qxg6 $2 Rg8 $19) 30... Nxe5 $14) 29... Rg8 {[#] aiming for ...Qd5.} 30. Kf2 Kh7 31. Bxe5 Qc6 32. Nf3 {White mates.} Nxe5 33. Qxe5 Qc2+ 34. Re2 Qxd3 35. Qe7+ Kxh6 36. Re6+ {[%mdl 64] Double Attack. Accuracy: White = 78%, Black = 58%.} 1-0

[Event "36th Cappelle Open 2020"]
[Site "Cappelle-la-Grande"]
[Date "2020.02.25"]
[Round "5.11"]
[White "Wiedenkeller, Michael"]
[Black "Medghoul, Sherif"]
[Result "1-0"]
[WhiteElo "2455"]
[BlackElo "2129"]
[Annotator "TA"]
[PlyCount "59"]
[EventDate "2020.02.22"]
[EventType "swiss"]
[EventCountry "FRA"]
[SourceTitle "playchess.com"]
[Source "ChessBase"]
[SourceQuality "1"]

{[%evp 14,59,37,30,122,106,124,114,124,126,162,125,141,133,131,139,129,125,131,105,108,100,116,106,181,183,179,172,197,145,155,139,144,139,146,139,141,139,137,131,168,169,359,199,1559,1560,1485,1457]} 1. c4 e6 2. Nc3 d5 3. d4 Nf6 4. cxd5 exd5 5. Bg5 Nbd7 6. e3 Bb4 7. Bd3 c5 8. Nge2 Qa5 {D51: Queen's Gambit Declined: 4 Bg5 Nbd7 sidelines.} (8... cxd4 $11 {keeps the balance.} 9. exd4 O-O) 9. O-O O-O 10. dxc5 Bxc3 {White is better.} 11. Nxc3 Qxc5 12. Rc1 {[#]} h6 $146 ({Predecessor:} 12... Qb6 13. Bb5 h6 14. Bh4 a6 15. Bxd7 Bxd7 16. Bxf6 Qxf6 17. Nxd5 Qd6 18. Nc7 Qxd1 19. Rfxd1 {1-0 (50) Harazinska,M (1917)-Furtak,J (1581) Drzonkow 2017}) 13. Bf4 Qe7 14. Be2 Nb6 15. Nb5 {And now Nc7 would win.} Ne8 16. Nc7 Nxc7 17. Rxc7 Qf6 18. b3 Qb2 (18... d4 $16) 19. Bd3 $18 Qf6 20. Qh5 Re8 21. Rxf7 ({Better is} 21. a4 $18) 21... Qxf7 $16 22. Bg6 Qf6 {Strongly threatening ...Rf8.} 23. Bxe8 Bf5 24. Bb5 $1 Rc8 25. Qd1 Rc2 {[#]} 26. a4 $1 Qc3 27. Qh5 Be4 $2 {[#]} (27... Qf6 {is a better defense.} 28. a5 a6 29. Qe8+ (29. axb6 axb5 30. h3 Kh7 $16) 29... Kh7) 28. Be5 (28. a5 $142 $1 {[%mdl 512]} a6 (28... Qxa5 29. Qe8+) 29. Be8 (29. axb6 axb5 30. h3 Qf6 $16)) 28... Bg6 $2 (28... g6) 29. Qxg6 $18 {[%csl Ge5][%cal Rg6g7]} Qxe5 30. Qxc2 {Accuracy: White = 68%, Black = 44%.} 1-0

[Event "36th Cappelle Open 2020"]
[Site "Cappelle-la-Grande"]
[Date "2020.02.25"]
[Round "5.12"]
[White "Froeyman, Helmut"]
[Black "Godart, Francois"]
[Result "1/2-1/2"]
[WhiteElo "2251"]
[BlackElo "2445"]
[Annotator "TA"]
[PlyCount "50"]
[EventDate "2020.02.22"]
[EventType "swiss"]
[EventCountry "FRA"]
[SourceTitle "playchess.com"]
[Source "ChessBase"]
[SourceQuality "1"]

{[%evp 24,50,0,0,0,0,0,0,19,0,17,0,9,0,8,0,0,-3,6,0,0,0,21,14,20,0,2,2,2]} 1. e4 c5 2. Nf3 d6 3. d4 cxd4 4. Nxd4 Nf6 5. Nc3 a6 6. Be2 e5 7. Nb3 Be7 8. O-O O-O 9. Be3 Be6 10. Qd3 Nbd7 11. Nd5 Bxd5 12. exd5 Rc8 13. c4 {The position is equal.} Ne8 {B92: Sicilian Najdorf: 6 Be2.} 14. Qd2 b6 15. Kh1 a5 16. Rae1 f5 17. g3 Nef6 18. f3 {[#]} g6 $146 ({Predecessor:} 18... a4 19. Na1 f4 20. gxf4 exf4 21. Bxf4 Nh5 22. Be3 Bh4 23. Rc1 Qe7 24. Nc2 Rce8 {½-½ (34) Priepke,W (2472)-Mendl,M (2526) GER email 2016}) 19. Na1 Nh5 20. Bf2 f4 21. Nc2 Bg5 {[#] Strongly threatening ...fxg3.} 22. Qd1 $1 Nc5 23. g4 Ng7 $1 24. Bxc5 bxc5 25. Bd3 Qb6 {Not much happened in this game. Accuracy: White = 100%, Black = 100%.} 1/2-1/2

[Event "36th Cappelle Open 2020"]
[Site "Cappelle-la-Grande"]
[Date "2020.02.26"]
[Round "6.1"]
[White "Moussard, Jules"]
[Black "Nikolov, Momchil"]
[Result "1-0"]
[WhiteElo "2608"]
[BlackElo "2539"]
[Annotator "TA"]
[PlyCount "79"]
[EventDate "2020.02.22"]
[EventType "swiss"]
[EventCountry "FRA"]
[SourceTitle "playchess.com"]
[Source "ChessBase"]
[SourceQuality "1"]

{[%evp 17,79,0,0,5,35,15,33,23,47,39,41,42,63,0,101,102,143,124,122,115,193,191,199,197,208,201,262,260,671,673,693,347,365,362,370,361,361,354,335,311,304,291,428,417,470,462,568,568,1693,1678,1523,1327,1209,1121,1520,1216,1427,1306,1270,1155,1614,1698,1700,1205]} 1. e4 e5 2. Nf3 Nc6 3. Bb5 a6 4. Ba4 Nf6 5. O-O Nxe4 6. d4 b5 7. Bb3 d5 8. dxe5 Be6 9. a4 b4 10. Nbd2 {Threatening Nxe4. C80: Open Ruy Lopez: Sidelines and 9 Nbd2.} Nc5 11. c3 {[#]} bxc3 $146 ({Predecessor:} 11... Qd7 12. Nd4 Nxd4 13. cxd4 Nxb3 14. Nxb3 Be7 15. Qd3 O-O 16. Qg3 f6 17. Bf4 fxe5 18. Bxe5 {1-0 (40) Kosteniuk,A (2504)-Muzychuk,M (2552) Saint Louis 2020}) 12. bxc3 {White is slightly better.} Nxb3 13. Nxb3 Be7 14. Nfd4 Qd7 15. Ba3 ({Better is} 15. f4 $14) 15... Nd8 (15... Bxa3 $11 16. Rxa3 Nxe5) 16. Qc1 $16 {White now steadily converts the win.} Nb7 17. Bxe7 Qxe7 18. f4 $36 {[%mdl 2048] White has strong initiative.} c5 {[#]} (18... Bd7 $16) 19. f5 $1 $18 cxd4 20. fxe6 fxe6 21. cxd4 {Strongly threatening Qc6+.} Nd8 22. Nc5 Nf7 $2 (22... Rf8 23. Qc2 g6) 23. Rb1 Rc8 24. Rb6 O-O 25. Rxe6 ({Weaker is} 25. Rxa6 Nxe5 26. Rxf8+ (26. Rxe6 Qh4 $11) 26... Qxf8 $16) 25... Qh4 26. Qf4 Qxf4 27. Rxf4 a5 28. Re7 {Threatens to win with Nd7.} Nh6 29. Rxf8+ Rxf8 {[%mdl 4096] Endgame KRN-KRN} (29... Kxf8 $142 30. Ra7 Rc6 31. Ra8+ (31. Rxa5 Nf5 $18) 31... Ke7 32. Ra7+ (32. Rxa5 Nf5 $18) 32... Kf8 33. Rxa5 Nf5) 30. g4 Rb8 31. Rb7 {White is clearly winning.} Rxb7 32. Nxb7 Nxg4 33. Nxa5 {KN-KN} Ne3 34. Nb3 Nc2 35. a5 {[%cal Ba4a5,Ba5a6][%mdl 32]} Nb4 36. Nc5 Kf7 37. a6 {Hoping for a7.} Nc6 38. Nd3 g5 {[#]} 39. Nb4 $1 {[%mdl 512]} Na7 (39... Nxb4 40. a7) 40. Nxd5 {Accuracy: White = 88%, Black = 49%.} 1-0

[Event "36th Cappelle Open 2020"]
[Site "Cappelle-la-Grande"]
[Date "2020.02.26"]
[Round "6.2"]
[White "Mohammad Nubairshah Shaikh"]
[Black "Guliyev, Namig"]
[Result "1/2-1/2"]
[WhiteElo "2415"]
[BlackElo "2537"]
[Annotator "TA"]
[PlyCount "39"]
[EventDate "2020.02.22"]
[EventType "swiss"]
[EventCountry "FRA"]
[SourceTitle "playchess.com"]
[Source "ChessBase"]
[SourceQuality "1"]

{[%evp 17,39,0,69,73,65,58,60,57,59,43,56,60,56,30,55,0,7,0,0,0,0,0,0,0]} 1. d4 d5 2. c4 dxc4 3. Nf3 Nf6 4. e3 e6 5. Bxc4 a6 6. a4 c5 7. O-O Nc6 8. Qe2 cxd4 9. Rd1 d3 (9... Be7 $11) 10. Bxd3 $14 {D27: Queen's Gambit Accepted: Classical main line: 7 e4!? and 7 a4.} Qc7 11. Nbd2 Be7 12. b3 {White is slightly better.} O-O 13. Bb2 Bd7 14. Rac1 Rfd8 {[#]} 15. Ne5 $146 ({Predecessor:} 15. Ng5 h6 16. Nge4 Be8 17. Nxf6+ Bxf6 18. Bxf6 gxf6 19. Ne4 f5 20. Nf6+ Kg7 21. Nxe8+ Rxe8 {½-½ (41) Peralta,F (2600)-Guliyev,N (2551) Navalmoral 2013}) 15... Be8 16. Ne4 Nxe4 {The position is equal.} 17. Bxe4 Rxd1+ 18. Qxd1 Bf6 19. Nd3 Bxb2 20. Nxb2 {Black took control after the opening. Accuracy: White = 75%, Black = 100%.} 1/2-1/2

[Event "36th Cappelle Open 2020"]
[Site "Cappelle-la-Grande"]
[Date "2020.02.26"]
[Round "6.3"]
[White "Karthikeyan, P.."]
[Black "Shchekachev, Andrei"]
[Result "0-1"]
[WhiteElo "2406"]
[BlackElo "2529"]
[Annotator "TA"]
[PlyCount "76"]
[EventDate "2020.02.22"]
[EventType "swiss"]
[EventCountry "FRA"]
[SourceTitle "playchess.com"]
[Source "ChessBase"]
[SourceQuality "1"]

{[%evp 9,76,39,58,25,47,47,46,42,42,33,48,31,42,35,41,16,0,0,0,7,26,30,24,13,40,0,20,0,0,-142,-139,-114,-68,-237,-219,-265,-230,-333,-291,-385,-382,-364,-363,-460,-457,-453,-452,-436,-171,-164,-161,-159,-143,-250,-244,-240,-213,-401,-414,-401,-368,-439,-437,-526,-510,-602,-591,-590,-583]} 1. d4 g6 2. e4 Bg7 3. Nf3 d6 4. Bc4 e6 5. Bb3 Nd7 6. c3 {B06: Modern Defence.} Ne7 7. h4 h6 8. Qe2 {White is slightly better.} b6 9. Bf4 Bb7 10. Nbd2 a6 {[#]} 11. a4 $146 ({Predecessor:} 11. Nc4 O-O 12. O-O-O Nf6 13. e5 Nfd5 14. Bd2 a5 15. h5 b5 16. Ne3 Nf4 17. Qf1 Bxf3 18. gxf3 dxe5 {1-0 (26) Bortnyk,O (2600)-Roshka,Y (2377) Omelnyk 2017}) 11... Nc6 12. d5 exd5 13. exd5+ Ne7 14. Ne4 $1 Nc5 15. Nxc5 bxc5 16. O-O-O Kf8 17. Rhe1 Ng8 18. a5 Nf6 19. c4 {[#]} (19. Rd3 $11) 19... Bc8 $1 $17 20. Ba4 Rb8 21. Ne5 $2 {Loses the game.} (21. Rd3 $1 $15) 21... dxe5 $19 22. Bxe5 Bd7 23. Bc6 (23. d6 {was forced.} c6 24. Bc3) 23... Ne8 24. Bxg7+ Kxg7 25. Qe5+ Nf6 26. Qe3 Re8 27. Qxc5 Bxc6 28. Qxc6 Qd6 $2 (28... Rb4 {Threatens to win with ...Re4.} 29. Qc5 Qd6 30. Qxd6 Rxc4+ 31. Kb1 cxd6 32. Rxe8 Nxe8) 29. Qxd6 cxd6 30. Rxe8 Rxe8 {[%mdl 4096] Endgame KRN-KR} 31. Kc2 (31. f3 $17 {was necessary.}) 31... Re4 32. Kc3 Rg4 ({Don't take} 32... Rxh4 33. f3) 33. b4 $2 (33. f3 Rxg2 34. b4) 33... Ne4+ 34. Kb3 {[#] Black must now prevent f3.} Nxf2 35. Rd2 Rg3+ {Black is clearly winning.} 36. Kc2 Ne4 37. Rd3 {And now Rxg3 would win.} Rxg2+ 38. Kb3 Kf8 {Accuracy: White = 44%, Black = 85%.} 0-1

[Event "36th Cappelle Open 2020"]
[Site "Cappelle-la-Grande"]
[Date "2020.02.26"]
[Round "6.4"]
[White "Stany, G.A."]
[Black "Guilleux, Fabien"]
[Result "1/2-1/2"]
[WhiteElo "2522"]
[BlackElo "2441"]
[Annotator "TA"]
[PlyCount "76"]
[EventDate "2020.02.22"]
[EventType "swiss"]
[EventCountry "FRA"]
[SourceTitle "playchess.com"]
[Source "ChessBase"]
[SourceQuality "1"]

{[%evp 18,76,15,5,7,0,0,-9,-12,-12,8,12,7,14,3,0,0,0,-10,-14,-14,-43,-43,-21,0,0,24,22,32,25,33,0,0,0,0,0,29,25,22,25,22,0,14,5,7,8,11,0,0,0,0,0,0,0,0,0,0,0,0,0,0]} 1. e4 c5 2. Nf3 d6 3. d4 cxd4 4. Nxd4 Nf6 5. Nc3 Nc6 6. f3 e5 7. Nb3 Be7 8. Be3 Be6 9. Nd5 $1 {[%mdl 4] 9.Nd5 is setting a new trend.} O-O 10. Qd2 a5 {B56: Classical Sicilian: Unusual Lines.} 11. Bb6 Qb8 12. Nxe7+ Nxe7 13. Bxa5 {[#]} Nc6 $146 {[#] Hoping for ...Bxb3.} ({Predecessor:} 13... Rc8 14. Bb4 Qa7 15. Bd3 Ng6 16. Qf2 Qa4 17. Bd2 Bc4 18. O-O Bxd3 19. cxd3 Rc2 {½-½ (36) Nocci,R (2270)-Pogrzeba,G (2304) ICCF email 2008}) 14. Bb6 d5 15. Nc5 dxe4 16. fxe4 Nd4 {White must now prevent ...Qd6.} 17. Nxe6 fxe6 18. Bxd4 exd4 19. Qxd4 Qf4 20. Bd3 $1 Rxa2 21. Rd1 $1 Raa8 22. g3 $36 {[%mdl 2048] White has good play.} Qf3 23. Rf1 Qh5 $1 24. h4 Rad8 25. Qe3 Qe5 26. Bc4 Rxd1+ ({Avoid the trap} 26... Nxe4 $2 27. Rxd8 Rxd8 28. Rf4 $18) 27. Kxd1 Qxb2 28. Bxe6+ Kh8 {[#] Strongly threatening ...Rd8+.} 29. Bb3 {The position is equal.} Qe5 30. Rf5 Rd8+ 31. Ke2 Qa1 {( -> ...Qd1+)} 32. Rf1 Qa6+ 33. Ke1 Qa5+ 34. Ke2 Qb5+ 35. Ke1 Qa5+ 36. Ke2 Qb5+ 37. Ke1 Qb4+ 38. Ke2 Qb5+ {Accuracy: White = 97%, Black = 100%.} (38... Ng4 $5 39. Qf4 $8 g5 40. hxg5 Qb5+ 41. Ke1 Qb4+ 42. Ke2 Qb5+ 43. Ke1 Qa5+ 44. Ke2 Qb5+ $11) 1/2-1/2

[Event "36th Cappelle Open 2020"]
[Site "Cappelle-la-Grande"]
[Date "2020.02.26"]
[Round "6.5"]
[White "Bellahcene, Bilel"]
[Black "Ahlander, Bjorn"]
[Result "1-0"]
[WhiteElo "2510"]
[BlackElo "2417"]
[Annotator "TA"]
[PlyCount "105"]
[EventDate "2020.02.22"]
[EventType "swiss"]
[EventCountry "FRA"]
[SourceTitle "playchess.com"]
[Source "ChessBase"]
[SourceQuality "1"]

{[%evp 16,105,15,8,25,7,10,10,22,22,23,24,24,24,51,33,50,44,45,46,29,25,64,55,62,50,121,127,144,152,166,177,161,164,184,181,176,170,275,274,267,254,410,409,383,361,781,750,12831,12831,12832,819,2367,908,899,876,847,818,1958,930,12831,12400,12836,5614,5302,4483,2796,1231,869,0,12827,1035,12822,12827,12823,12826,12822,9347,6873,4394,2665,1076,2237,1881,1601,1388,12843,12843,12845,12845,29989,29990]} 1. e4 c5 2. Nf3 e6 3. d4 cxd4 4. Nxd4 Nc6 5. Nc3 Qc7 6. Be3 a6 7. Be2 Nf6 8. a3 Be7 9. f4 d6 {B48: Sicilian: Taimanov: 5 Nc3 Qc7 6 Be3 a6 without Be2.} 10. g4 d5 {is now more promising than 10...Nxd4.} 11. e5 Ne4 {The position is equal.} 12. Nxe4 dxe4 13. Nxc6 Qxc6 14. Qd4 b5 {[#]} 15. c4 $5 $146 {[%mdl 8] White has the initiative. New and interesting.} ({Predecessor:} 15. O-O-O Bb7 16. Kb1 Rc8 17. c3 O-O 18. Qd7 Rc7 19. Qxc6 Bxc6 20. g5 Rb8 21. b4 {0-1 (70) Lanka,Z (2465)-Strohhaeker,R (2444) Germany 2011}) 15... O-O 16. O-O Rd8 17. cxb5 axb5 18. Rfc1 Qd5 19. Qxd5 Rxd5 20. Rd1 Rxd1+ {Black is on the road to losing.} ({Black should play} 20... g6 $14) 21. Rxd1 $16 Rb8 22. Rc1 $1 b4 23. a4 $1 Bd8 24. b3 Bb7 25. Bc4 $1 Rc8 26. Rd1 Bc6 (26... Kf8 {keeps fighting.} 27. f5 Ke8) 27. f5 $18 exf5 28. e6 ({Don't take} 28. gxf5 $6 Kf8 $16) 28... Be7 $2 (28... Be8 29. gxf5 g6) 29. exf7+ Kf8 {intending ...Bxa4.} 30. Be6 Ra8 $2 (30... f4 31. Bxc8 fxe3) 31. gxf5 Rd8 32. Rxd8+ Bxd8 {[%mdl 4096] Endgame [#] KBB-KBB} 33. a5 $1 {[%mdl 512]} Bb7 (33... Bxa5 34. Bc5#) 34. Kf2 (34. Bc5+ $142 Be7 35. Bxe7+ Kxe7 36. Kf2) 34... Be7 35. Bc4 Bd6 36. a6 {[%cal Ba5a6,Ba6a7][%mdl 32]} Bc6 {[#]} 37. h4 (37. f6 $142 $1 {[%mdl 512]} Ba8 (37... gxf6 38. Bh6+) 38. a7) 37... h5 38. a7 Be7 39. Kg3 (39. f6 $142 Bd6 40. fxg7+ Kxg7 41. Bb6) 39... Bd6+ 40. Bf4 {[%cal Rf4d6]} Be7 {[#]} 41. Be5 (41. f6 $142 $1 {[%mdl 512]} Bc5 (41... Bxf6 42. Bd6+) 42. fxg7+ Kxg7 43. Be5+ Kf8 44. Bf4) 41... Bb7 {[#]} 42. Bf4 (42. Ba6 $142 $1 {[%mdl 512]} Bc6 (42... Bxa6 43. a8=Q+) 43. Bb5 $1 {[%mdl 576] Promotion}) 42... Bc6 $1 {[#]} 43. Bg5 (43. f6 $142 $1 {[%mdl 512]} Bc5 (43... Bxf6 44. Bd6+) 44. fxg7+ Kxg7 45. Be5+ Kg6 46. Kf4) 43... Bd6+ 44. Kg2 Bc5 45. f6 ({Weaker is} 45. Bb5 Bb7 $11) 45... Bb7 46. Kf1 Bc6 47. Ke2 Bb7 48. fxg7+ Kxg7 49. Be3 Be7 50. Bd4+ Kf8 51. Ke3 Bd6 52. Be6 Ba8 53. Bf5 {Accuracy: White = 72%, Black = 49%.} 1-0

[Event "36th Cappelle Open 2020"]
[Site "Cappelle-la-Grande"]
[Date "2020.02.26"]
[Round "6.6"]
[White "Demuth, Adrien"]
[Black "Viani Antonio Dcunha"]
[Result "1/2-1/2"]
[WhiteElo "2500"]
[BlackElo "2403"]
[Annotator "TA"]
[PlyCount "125"]
[EventDate "2020.02.22"]
[EventType "swiss"]
[EventCountry "FRA"]
[SourceTitle "playchess.com"]
[Source "ChessBase"]
[SourceQuality "1"]

{[%evp 18,125,51,48,42,27,47,0,4,-25,-21,-21,-14,-18,-21,-22,-29,-29,-22,-49,-41,-114,-111,-112,-89,-164,-157,-329,-310,-255,-255,-243,-194,-187,-183,-189,-135,-190,-124,-158,-23,-23,-37,-33,-29,-34,-35,-34,-25,-27,-25,-25,-20,-47,-24,-22,-20,-19,-22,-27,-25,-56,-58,-44,-18,-18,-14,-27,-27,-18,-8,-8,-8,-28,-8,-13,0,0,0,0,0,0,0,0,0,-1,0,0,0,0,0,0,0,0,0,0,0,0,0,0,0,-8,-8,-8,0,0,8,8,8,8]} 1. d4 Nf6 2. c4 g6 3. Nc3 Bg7 4. e4 d6 5. Bd3 O-O 6. Nge2 e5 7. d5 Nbd7 8. O-O Nc5 9. Bc2 a5 10. Rb1 c6 {E70: King's Indian: Miscellaneous lines with 4 e4, including 5 Nge2 and 5 Bd3 0-0 6 Nge2.} 11. b3 cxd5 12. cxd5 b5 {[%cal Bb7b5,Bb5b4][%mdl 32] Threatening ...b4.} 13. b4 axb4 14. Rxb4 Bd7 {[#]} 15. Bd2 $146 ({Predecessor:} 15. a3 Qa5 16. f3 Rfc8 17. Bd3 Rab8 18. Kh1 Nh5 19. g3 Nf6 20. Kg2 h5 21. h4 {0-1 (59) Rabrenovic,V (2378)-Todorovic,J (2420) Kraljevo 2011}) 15... Na6 16. Rb2 b4 17. Nb1 $1 Qc7 18. Re1 Rfc8 19. Nc1 {[#]} (19. Ng3 $15) 19... Nxd5 $1 $17 {[%mdl 512]} 20. Bb3 ({Don't go for} 20. exd5 $2 e4 $1 $19 {[%mdl 512]}) 20... Nf4 $36 {[%mdl 2048] Black is on the roll.} 21. Qf3 (21. Rc2 $17 Qb6 22. Bxf4 exf4 23. Rxc8+ Rxc8 24. Nd2) 21... Nc5 $19 {White must now prevent ...d5!} 22. Bxb4 $2 (22. Rc2 $17) 22... Nxb3 23. Nxb3 Qc4 24. N3d2 Qa6 {...Nd3 is the strong threat.} 25. Rb3 Qxa2 26. Bxd6 Rc2 (26... Ne6 $19 {Hoping for ...Qa6.} 27. Ra3 (27. Rb7 $2 Nd4 $19) 27... Nd4) 27. Bb4 {[#]} (27. Ra3 $17 Rxa3 28. Qxa3) 27... Be6 (27... Rb8 $1 $19 28. Qd1 Be6) 28. Nc3 Qa1 (28... Rxc3 $17 29. Rxc3 Bf8) 29. Rxa1 $11 Rxa1+ 30. Rb1 Rxb1+ 31. Ndxb1 {Threatens to win with Qd1.} Rc1+ 32. Qd1 $1 {[%cal Rd1c1]} Ne2+ 33. Kh1 Rxd1+ 34. Nxd1 h5 35. Bd2 h4 36. Nbc3 Nd4 37. h3 f6 38. Ne3 Bh6 39. Nf1 Bf8 40. Ne3 Bc5 41. Ncd5 Kf7 42. Bb4 Bxb4 43. Nxb4 {[%mdl 4096] Endgame KBN-KNN} f5 44. exf5 gxf5 45. Kg1 Kf6 46. f3 {The position is equal.} e4 47. fxe4 fxe4 48. Kf2 Ke5 49. g3 hxg3+ 50. Kxg3 Ne2+ 51. Kf2 Nc3 52. h4 Bf7 53. Nc6+ Kd6 54. Nd4 Bh5 55. Ndf5+ Ke5 56. Ng3 Bf3 57. h5 Kf6 58. h6 Kg6 59. Nc4 Kxh6 60. Nd2 {[#]} e3+ $1 {[%mdl 512]} 61. Kxe3 Ne4 62. Ngxe4 Bxe4 63. Kxe4 {And White is the lucky defender. Accuracy: White = 73%, Black = 87%.} 1/2-1/2

[Event "36th Cappelle Open 2020"]
[Site "Cappelle-la-Grande"]
[Date "2020.02.26"]
[Round "6.7"]
[White "Kojima, Shinya"]
[Black "Sadikhov, Ulvi"]
[Result "1-0"]
[WhiteElo "2397"]
[BlackElo "2496"]
[Annotator "TA"]
[PlyCount "71"]
[EventDate "2020.02.22"]
[EventType "swiss"]
[EventCountry "FRA"]
[SourceTitle "playchess.com"]
[Source "ChessBase"]
[SourceQuality "1"]

{[%evp 19,71,18,18,21,22,4,21,35,75,72,69,74,61,76,110,101,112,104,102,37,47,45,84,62,143,107,157,159,160,155,181,138,181,171,176,162,162,170,168,171,168,157,157,157,299,303,289,324,891,322,901,856,1021,1021]} 1. Nf3 g6 2. d4 Bg7 3. c4 d6 4. g3 Nd7 5. Bg2 e5 6. Nc3 Ne7 7. O-O O-O 8. e4 exd4 9. Nxd4 Nc6 10. Nde2 a5 11. Rb1 {A42: Modern Defence: Averbakh Variation.} Nc5 12. Be3 Ne5 13. b3 {[#] The position is equal.} f5 $146 ({Predecessor:} 13... c6 14. h3 f5 15. Bxc5 dxc5 16. f4 Nf7 17. e5 Qe7 18. Qd2 Rd8 19. Qe3 Be6 {1-0 (51) Velikov,P (2480)-Todorcevic,M (2530) Haifa 1989}) 14. Bxc5 $1 dxc5 15. Qxd8 Rxd8 16. Rbd1 Bd7 17. exf5 Bxf5 18. Bxb7 Rxd1 19. Nxd1 ({White should play} 19. Rxd1 $16 Re8 20. Bg2) 19... Re8 $14 20. Bd5+ Kh8 21. Ne3 {White leaves nothing to chance now.} Nd3 (21... Bd3 $14 22. Re1 g5) 22. Bc6 Rb8 23. Nxf5 gxf5 24. Rd1 Ne5 25. Ba4 Bf6 26. Nf4 $36 {[%mdl 2048] White is on the roll.} Nf3+ 27. Kg2 Nd4 28. Re1 Kg7 29. Nd3 Nc2 30. Re6 {aiming for Rc6.} Rd8 {[#]} 31. Nf4 $1 {[%cal Rf4h5] Strongly threatening Nh5+.} Kf7 (31... Rd6 $16 {is a better defense.} 32. Bd7 Nd4) 32. Rc6 $18 {[%mdl 64] Double Attack} Rd2 33. Rxc7+ Kf8 $2 (33... Kg8 34. Rc8+ Kf7 35. Be8+ (35. Rxc5 Rxf2+ {[%mdl 64] Decoy} 36. Kxf2 Bd4+ 37. Ke2 Bxc5 $18) 35... Kf8 36. Bh5+ Ke7 37. Rxc5 Rxf2+ 38. Kh3 (38. Kxf2 Bd4+ 39. Kf1 Bxc5 $16) 38... Ne3 39. Rxa5 Nf1) 34. Ne6+ Kg8 {intending ...Ne3+.} 35. Be8 h5 36. Bg6 {Accuracy: White = 91%, Black = 48%.} 1-0